000 00758nam a2200217 i 4500
001 15960
003 ES-MaACL
005 20250928105516.0
007 t|
008 000529s1993 sp ||||1| spa d
020 _a84-7846-241-4
080 _a75 Cossío, Mariano de (1890-1960)
100 1 _aArias de Cossío, Ana María.
_922769
245 1 3 _aLa obra de Mariano de Cossío (1890-1960) /
_cAna Mª Arias de Cossío.
260 _a[Valladolid] :
_bJunta de Castilla y León, Consejería de Cultura y Turismo,
_c[1993]
300 _a213 p. ;
_c31 cm.
600 0 4 _aCossío, Mariano de,
_d1890-1960
_941020
710 1 _aCastilla y León.
_bConsejería de Cultura y Turismo.
_92499
852 _aES-MaACL
_jL-23179
_bR.128229
999 _c15960
_d15960